000 00592nam a22001937a 4500
003 OSt
005 20250820074839.0
008 250820b |||||||| |||| 00| 0 eng d
020 _a 1-930603-35-5.
040 _aDWCL MAIN LIB
_cOC
082 _aCirc. 641.5 F158f 2000
100 _aFAHRNOW, JURGEN HEINRICH
245 _aFeng shui and the 5-element-kitchen /
_cFAHRNOW, JURGEN HEINRICH
260 _a[s.l.] :
_bSilverback Books,
_cc2000.
300 _a168 pages :
_bcolor illustrations ;
_c25 cm.
504 _aIncludes index.
648 _2Cooking.
942 _2ddc
_cBK-CIRC
_kCirc.
_n0
999 _c4120
_d4120